000 00480nam a2200181Ia 4500
008 151018s9999 xx 000 0 und d
082 _bRBASDV37254
_a824
100 _aSibnarayan Ray
245 _a"Gandhi, Gandhism and our times"
250 _b1
260 _bRenissance
_c2003
300 _a208
600 _aSibnarayan Ray
630 _a"Gandhi, Gandhism and our times"
700 _aSibnarayan Ray
730 _a"Gandhi, Gandhism and our times"
942 _cBOOK
999 _c1036700
_d1036697